Universal English in the Twenty First Century (Record no. 10636)

MARC details
000 -LEADER
fixed length control field 00399nam a22001697a 4500
003 - CONTROL NUMBER IDENTIFIER
control field OSt
008 - FIXED-LENGTH DATA ELEMENTS--GENERAL INFORMATION
fixed length control field 210519b ||||| |||| 00| 0 eng d
020 ## - INTERNATIONAL STANDARD BOOK NUMBER
International Standard Book Number 9789350146767
082 ## - DEWEY DECIMAL CLASSIFICATION NUMBER
Classification number 423 PRU
100 ## - MAIN ENTRY--PERSONAL NAME
Personal name PRASAD,P
245 ## - TITLE STATEMENT
Title Universal English in the Twenty First Century
250 ## - EDITION STATEMENT
Edition statement 2nd
260 ## - PUBLICATION, DISTRIBUTION, ETC. (IMPRINT)
Place of publication, distribution, etc New Delhi
Name of publisher, distributor, etc Katson
Date of publication, distribution, etc 2020
300 ## - PHYSICAL DESCRIPTION
Extent 302
650 ## - SUBJECT ADDED ENTRY--TOPICAL TERM
Topical term or geographic name as entry element Applied Sc
942 ## - ADDED ENTRY ELEMENTS (KOHA)
Source of classification or shelving scheme Dewey Decimal Classification
Koha item type Text Books
942 ## - ADDED ENTRY ELEMENTS (KOHA)
-- 2
Holdings
Withdrawn status Lost status Source of classification or shelving scheme Damaged status Not for loan Collection code Home library Current library Date acquired Source of acquisition Currency Cost, normal purchase price Bill Number Total Checkouts Full call number Acc. no. / Barcode Date last seen Date last borrowed Actual Cost, discounted price Bill Date Koha item type Checked out
    Dewey Decimal Classification     Applied Sc. PIET C-LIBRARY PIET C-LIBRARY 13/04/2021 Kirti Praskshan IN Rupees 295.00 IN2034 2 423 PRU 32805 18/07/2022 04/07/2022 215.35 13/04/2021 Text Books  
    Dewey Decimal Classification     Applied Sc. PIET C-LIBRARY PIET C-LIBRARY 13/04/2021 Kirti Praskshan IN Rupees 295.00 IN2034 1 423 PRU 32806 11/04/2024 11/04/2024 215.35 13/04/2021 Text Books 28/10/2024
    Dewey Decimal Classification     Applied Sc. PIET C-LIBRARY PIET C-LIBRARY 13/04/2021 Kirti Praskshan IN Rupees 295.00 IN2034 1 423 PRU 32807 11/04/2024 11/04/2024 215.35 13/04/2021 Text Books 28/10/2024

Design & Developed by: PIET Central Library
R70 Miles Stone Pattikalyana Samalkha Panipat 132102
mail ID :- [email protected], Phone No:- 0180-2569700 Ex.216